| 000 | 00548nam a2200205 a 4500 | ||
|---|---|---|---|
| 005 | 20240419063739.0 | ||
| 008 | 060608s1999 mx r 000 0 spa d | ||
| 020 | _a8809609190 | ||
| 035 | _aUPN01000145283 | ||
| 049 | _aI | ||
| 050 | 4 |
_aPZ7 _bW6.3 |
|
| 100 | 1 | _aWolf, Tony | |
| 245 | 1 | 0 |
_aHadas / _cTony Wolf. |
| 260 |
_aMilan, It. : _bDami, _cc1999. |
||
| 300 |
_a[10] p. en tercera dimensión : _bil. col. |
||
| 500 | _a"Programa Educativo Oaxaca" | ||
| 650 | 0 |
_aCuentos de hadas _95259 |
|
| 650 | 4 | _aLIBROS INFANTILES | |
| 905 | _aInfantil | ||
| 999 |
_c117429 _d117429 |
||